000 00500nam a2200169Ia 4500
999 _c15937
_d15937
003 OSt
005 20200606115837.0
008 190216s9999||||xx |||||||||||||| ||und||
040 _cMESKC library
082 _a891.433
_bAGR/S
100 _aAgrawal, Pramod Kumar
_9331
245 0 _aSatlaj Se Tames Tak /
_cPramod Kumar Agrawal
260 _bPoorna Pubs Kozhikode
_aAllahabad:
_c1994.
300 _a272p
650 _aHindi
942 _cBK
_2ddc
_h891.433
_iAGR/S
_k891.433
_mAGR/S